000
00229 a2200085 4500
020
_a
978-0226239163
100
_a
Hassan Fathy
245
_a
Architecture for the Poor : An Experiment in Rural Egypt
260
_b
Univ of Chicago Pr
_c
1976
999
_c
13181
_d
13181